000 00422nam a22001217a 4500
040 _cHS
082 _a570
100 _aអ៊ូ ណារីយ៉ា
245 _aBiology of parasites ;បរាសិតសាស្ត្រ
260 _aវិទ្យាស្ថានបច្ចេកទេសកសិកម្មចំការដូង
_bអ៊ូ​ ណារីយ៉ា
_c1993
300 _a45p;
942 _cKB
999 _c9257
_d9257